• 首页
  • 本馆介绍
  • 公告通知
  • 最新文献
  • 馆藏检索
  • 电子资源
  • 读者导购
  • 参考咨询
  • 我的图书馆
  • 登录
  • 详细信息显示
  • 放入我的书架
  • 预约/预借图书
  • 作者相关作品
  • 分类相关作品
  • 丛书相关作品
  • 出版社相关作品

书目信息

  • 表格格式
  • 工作单格式
  • 卡片格式
题名:
大学语文
    
 
作者: 徐中玉 , 钱谷融 主编
分册:  
出版信息: 上海   华东师范大学出版社  2000
页数: 387页
开本: 20cm
丛书名:
单 册:
中图分类: H1-43
科图分类:
主题词: 汉语
电子资源:
ISBN: 7-5617-0256-6
000 00845nam0 2200265 45
001 0189029286
005 20070721100616.56
010    @a7-5617-0256-6@dCNY16.50
020    @aCN@b89029286
100    @a19911017d2000 m y0chiy0120 ea
101 0  @achi
102    @aCN@b310000
105    @ay z 000yy
200 10 @a大学语文@Ada xue yu wen@e附:大学语文自学考试大纲@f徐中玉,钱谷融主编@Fxu zhong yu , qian gu rong zhu bian
210    @a上海@c华东师范大学出版社@d2000
215    @a387页@d20cm
300    @a全国高等教育自学考试教材公共课
517 1  @a附:大学语文自学考试大纲@Afu:da xue yu wen zi xue kao shi da gang
540 1  @a大学 语文@Ada xue yu wen
606 0  @a汉语
690    @aH1-43@v3
701  0 @a徐中玉@Axu zhong yu@4主编
701  0 @a钱谷融@Aqian gu rong@4主编
801  0 @aCN@bTSSF@c20070721
905    @a10447@dH1-43@e112
    
    大学语文:附:大学语文自学考试大纲/徐中玉,钱谷融主编.-上海:华东师范大学出版社,2000
    387页;20cm
    全国高等教育自学考试教材公共课
    
    ISBN 7-5617-0256-6:CNY16.50
    
●
相关链接 在E读中查询图书 在五车中查询图书 在当当中查询图书 在豆瓣中查询图书


正题名:大学语文     索取号:H1-43/112         预约/预借

序号 登录号 条形码 馆藏地/架位号 状态 备注
1 0502811   205028110   密集书库/ [索取号:H1-43/112] 在馆    
2 0502812   205028129   密集书库/ [索取号:H1-43/112] 在馆    
3 0502902   205029020   密集书库/ [索取号:H1-43/112] 在馆    
4 0502942   205029422   密集书库/ [索取号:H1-43/112] 在馆    
5 0768907   207689072   密集书库/ [索取号:H1-43/112] 在馆    
唐山师范学院图书馆 欢迎您!
大连网信软件有限公司© 版权所有